| 000 | 01636cam a2200325 a 4500 | ||
|---|---|---|---|
| 001 | 16681498 | ||
| 005 | 20110720074440.0 | ||
| 008 | 110307s2011 dcuab b i001 0 eng | ||
| 010 | _a 2011008873 | ||
| 020 | _a9780821386231 (pbk.) | ||
| 020 | _a0821386239 (pbk.) | ||
| 020 | _a9780821386408 (electronic) | ||
| 020 | _a0821386409 (electronic) | ||
| 040 |
_aDLC _cDLC _dYDX _dBTCTA _dYDXCP _dBWX _dDLC |
||
| 082 | 0 | 0 |
_a307.24091724 _222 _bFRO |
| 245 | 0 | 0 |
_aFrom Farm to Firm : _bRural-Urban Transition in Developing Countries / _cNora Dudwick ... [et al.]. |
| 260 |
_aWashington, D.C. : _bWorld Bank, _cc2011. |
||
| 300 |
_axvi, 235 p. _bill., maps ; _c23 cm. |
||
| 490 | 1 |
_aDirections in development, countries and regions _929235 |
|
| 504 | _aIncludes bibliographical references and index. | ||
| 650 | 0 |
_aRural-urban migration _zDeveloping countries. _929236 |
|
| 653 |
_bEco _cMarch2012 |
||
| 700 | 1 |
_aDudwick, Nora. _929237 |
|
| 942 |
_2ddc _cBB |
||
| 999 |
_c16551 _d16551 |
||